000 00769nam a2200253 i 4500
001 C2-0332964
003 PPAK
005 20180728133107.0
008 150820s2014 my |||| ||||| | eng d
020 _a9789670610177
040 _aPPAK
_beng
_cPPAK
_erda
082 0 4 _a371.30281
_223
090 0 0 _a371.30281
_bIKI
_dG
100 1 _aIkiriko, Patricia,
_eauthor
245 1 4 _aThe successful student
264 1 _aPetaling Jaya, Selangor :
_bAdvantage Quest Sdn. Bhd. ,
_c2014
300 _a180 pages ;
_c22 cm
336 _2rdacontent
_atext
337 _2rdamedia
_aunmediated
338 _2rdacarrier
_avolume
500 _aBibliography : pages 175 -180
650 1 0 _aEducation - Study guides. ; Study skills. ; Students - Conduct of life.
942 _ddc
_cB
999 _c131587
_d131587